书目信息 |
| 题名: |
基础英语写作指南
|
|
| 作者: | 廖国强 , 严俊 主编 | |
| 分册: | ||
| 出版信息: | 北京 国防工业出版社 2007.01 |
|
| 页数: | 350页 | |
| 开本: | 20cm | |
| 丛书名: | ||
| 单 册: | ||
| 中图分类: | H315 | |
| 科图分类: | ||
| 主题词: | 英语--ying yu--写作 | |
| 电子资源: | ||
| ISBN: | 7-118-04853-4 | |
| 000 | 00928nam0 2200265 450 | |
| 001 | 012007099743 | |
| 005 | 20070926152947.56 | |
| 010 | @a7-118-04853-4@dCNY19.00 | |
| 100 | @a20070720d2007 km y0chiy0120 ea | |
| 101 | 0 | @achi@aeng |
| 102 | @aCN@b110000 | |
| 105 | @ay a 000yy | |
| 200 | 1 | @a基础英语写作指南@Aji chu ying yu xie zuo zhi nan@f廖国强, 严俊主编@Fliao guo qiang,yan jun zhu bian |
| 210 | @a北京@c国防工业出版社@d2007.01 | |
| 215 | @a350页@d20cm | |
| 312 | @a英文并列题名取自封面。 | |
| 320 | @a有书目 (第349页)。 | |
| 330 | @a本书从英语词汇、句子、段落、篇章的语言特点及结构特征入手,全面讲解英语写作,并对常见的错误进行全面的分析。全书深入浅出,循序渐进,并结合实例精讲多练。 | |
| 510 | 1 | @aSuide to basic writing@zeng |
| 606 | 0 | @a英语@Aying yu@x写作 |
| 690 | @aH315@v4 | |
| 701 | 0 | @a廖国强@Aliao guo qiang@4主编 |
| 701 | 0 | @a严俊@Ayan jun@4主编 |
| 801 | 0 | @aCN@c20070926 |
| 905 | @dH315@eL467 | |
| 基础英语写作指南/廖国强, 严俊主编.-北京:国防工业出版社,2007.01 |
| 350页;20cm |
| ISBN 7-118-04853-4:CNY19.00 |
| 本书从英语词汇、句子、段落、篇章的语言特点及结构特征入手,全面讲解英语写作,并对常见的错误进行全面的分析。全书深入浅出,循序渐进,并结合实例精讲多练。 |
| ● |
| 相关链接 |
|
|
|
正题名:基础英语写作指南
索取号:H315/L467
 
预约/预借
| 序号 | 登录号 | 条形码 | 馆藏地/架位号 | 状态 | 备注 |
| 1 | 245459 | 202454593 | 语言库209/209语言库 37排2列6层/ [索取号:H315/L467] | 在馆 | |
| 2 | 245460 | 202454600 | 语言库209/209语言库 37排2列6层/ [索取号:H315/L467] | 在馆 | |
| 3 | 245461 | 202454619 | 语言库209/209语言库 37排2列6层/ [索取号:H315/L467] | 在馆 |